00402pab a2200145 454500008004000000100001900040245003800059260000900097300001400106362000800120650003700128650003700165650002800202773002600230180718b2004 xxu||||| |||| 00| 0 eng d aBell, David S. aParliamentary democracy in France c2004 ap.533-49. aJul aParliamentary democracy - France aFrance - Politics and government aPolitics and government aParliamentary Affairs